Normal view
MARC view
- Disaster Management
Entry Personal Name
001 - CONTROL NUMBER
- control field: 48549
003 - CONTROL NUMBER IDENTIFIER
- control field: NUST
005 - DATE AND TIME OF LATEST TRANSACTION
- control field: 20210314134054.0
008 - FIXED-LENGTH DATA ELEMENTS
- fixed length control field: 210314|| aca||aabn | a|a d
040 ## - CATALOGING SOURCE
- Original cataloging agency: NUST
- Transcribing agency: NUST
100 ## - HEADING--PERSONAL NAME
- Personal name: Disaster Management
670 ## - SOURCE DATA FOUND
- Source citation: Work cat.: (NUST): Razia Sharif 48548, Gender Related Issues in Disasters with Pakistan's Perspective Focusing on 2005 Earthquake and 2010 Floods
